| 000 | 00550nam a2200145Ia 4500 | ||
|---|---|---|---|
| 008 | 170221s9999 xx 000 0 und d | ||
| 100 | _aAwanis Ku Ishak | ||
| 245 | _aSuccession Planning at HEIs: Leadership Style, Career Development and Knowledge Management Practices as Its Predictors | ||
| 245 | _cAwanis Ku Ishak, Bidayatul Akmal Mustafa Kamil | ||
| 260 | _bInternational Review of Management and Marketing | ||
| 260 | _c2016 | ||
| 300 | _a15 : 6 | ||
| 650 | _xMarketing. | ||
| 856 | _uhttp://www.econjournals.com/index.php/irmm/issue/view/91 | ||
| 999 |
_c312300 _d312300 |
||